Sales taxation.

Bibliographic Details
Main Author: Due, John F. (John Fitzgerald), 1915-2009
Format: Book
Language:English
Published: Urbana : University of Illinois Press, [1957]
Subjects:

MARC

Tag First Indicator Second Indicator Subfields
LEADER 00000cam a2200000 4500
001 in00000064060
005 20151008051157.0
008 720301s1957 ilu b 00000 eng u
010 |a  58001896  
035 |a (OCoLC)00253401 
035 |9 AAG6226AM 
040 |c WSU  |d TXA  |d UtOrBLW 
049 |a TXAM  |c [305727] 
050 0 |a HJ5711  |b .D76 1957a 
092 |a 326.2713  |b D852s 
100 1 |a Due, John F.  |q (John Fitzgerald),  |d 1915-2009. 
245 1 0 |a Sales taxation. 
264 1 |a Urbana :  |b University of Illinois Press,  |c [1957] 
300 |a 396 pages 
336 |a text  |b txt  |2 rdacontent 
337 |a unmediated  |b n  |2 rdamedia 
338 |a volume  |b nc  |2 rdacarrier 
504 |a Includes bibliographies. 
650 0 |a Sales tax. 
650 0 |a Sales tax  |z Great Britain. 
999 |a MARS 
999 f f |s f0c71317-5800-3e7b-8265-c0cc54330514  |i 70a65e7a-6a6e-3e3f-961c-42d74c8c1874  |t 0 
952 f f |p ric  |a Texas A&M University  |b Rellis Campus  |c Joint Library Facility  |d Remote Storage  |t 0  |e HJ5711 .D76 1957a  |h Library of Congress classification  |i unmediated -- volume  |m A14830294953 
998 f f |a HJ5711 .D76 1957a  |t 0  |l Remote Storage